| Tag |
First Indicator |
Second Indicator |
Subfields |
| LEADER |
00000cam a2200000Ma 4500 |
| 001 |
in00002750321 |
| 006 |
m d |
| 007 |
cr |n||||||||| |
| 008 |
111108s2011 nyua obq 001 0 eng d |
| 005 |
20250816224143.1 |
| 020 |
|
|
|a 9781441174215 (hbk. : alk. paper)
|
| 020 |
|
|
|a 1441174214 (hbk. : alk. paper)
|
| 024 |
8 |
|
|a 9786613307743
|
| 035 |
|
|
|a (OCoLC)ocn759907795
|
| 035 |
|
|
|a (NhCcYBP)ebr10505721
|
| 035 |
|
|
|a (OCoLC)759907795
|
| 037 |
|
|
|a 330774
|b MIL
|
| 040 |
|
|
|a CDX
|b eng
|c CDX
|d OCLCQ
|d E7B
|d ITD
|d TXA
|d UtOrBLW
|
| 043 |
|
|
|a n-us---
|
| 049 |
|
|
|a TXAM
|
| 050 |
|
4 |
|a NC1766.U52
|b D5543 2011eb
|
| 082 |
0 |
4 |
|a 741.5/8
|2 22
|
| 100 |
1 |
|
|a Pallant, Chris.
|
| 245 |
1 |
0 |
|a Demystifying Disney :
|b a history of Disney feature animation /
|c Chris Pallant.
|
| 264 |
|
1 |
|a New York :
|b Continuum,
|c 2011.
|
| 300 |
|
|
|a 1 online resource (xii, 168 pages) :
|b illustrations
|
| 336 |
|
|
|a text
|b txt
|2 rdacontent
|
| 337 |
|
|
|a computer
|b c
|2 rdamedia
|
| 338 |
|
|
|a online resource
|b cr
|2 rdacarrier
|
| 500 |
|
|
|a Description based on print version record.
|
| 500 |
|
|
|a Section 1: Re-examining Disney -- Disney authorship -- A history of innovation -- Section 2: Early and middle Disney feature animation -- Disney formalism -- Destino -- Disney in transition -- Section 3: Contemporary Disney feature animation -- The Disney renaissance -- Neo-Disney -- Digital Disney -- Conclusion: 'Happily ever after'.
|
| 504 |
|
|
|a Includes bibliographical references (pages [147]-155) and index.
|
| 504 |
|
|
|a Filmography: pages [156]-161.
|
| 588 |
|
|
|a Description based on print version record.
|
| 500 |
|
|
|a Electronic resource.
|
| 610 |
2 |
0 |
|a Walt Disney Company.
|
| 650 |
|
0 |
|a Animated films
|z United States
|x History and criticism.
|
| 655 |
|
7 |
|a Electronic books.
|2 local
|
| 710 |
2 |
|
|a ebrary, Inc.
|
| 776 |
0 |
8 |
|i Print version:
|z 9786613307743
|
| 856 |
4 |
0 |
|u https://ebookcentral.proquest.com/lib/tamucs/detail.action?docID=793280
|y Connect to the full text of this electronic book
|t 0
|
| 948 |
|
|
|a cataloged
|b h
|c 2012/5/4
|d c
|e agaffey
|f 11:11:12 am
|
| 994 |
|
|
|a C0
|b TXA
|
| 999 |
f |
f |
|s e3ddafc9-a08c-3848-8747-554cfb89a5e8
|i 03564cef-da7a-3744-a1c7-5f86388beac9
|t 0
|
| 999 |
|
|
|a MARS
|
| 952 |
f |
f |
|a Texas A&M University
|b College Station
|c Electronic Resources
|d Available Online
|t 0
|e NC1766.U52 D5543 2011eb
|h Library of Congress classification
|
| 998 |
f |
f |
|a NC1766.U52 D5543 2011eb
|t 0
|l Available Online
|